Responses for Show #8404 - Thursday, May 20, 2021

2021 Tournament of Champions quarterfinal game 4.

Contestants

[<< previous game]

Ben Henri, a choral music director from Grosse Pointe, Michigan

Kevin Walsh, a story analyst originally from Williamstown, New Jersey

MacKenzie Jones, a STEM programming coordinator from Tulsa, Oklahoma

[next game >>]

Jeopardy! Round responses

THE CONSTITUTION
ALLITERATIVE JOBS
SAME FIRST NAME
ALL ABOUT THAT BASE
U.S. CITIES
5-LETTER 3-SYLLABLE WORDS
    $200 28
the Supreme Court

MacKenzie
    $200 30
a firefighter

Kevin
    $200 2
Elizabeth

Kevin
    $200 1
base 10

MacKenzie
    $200 10
Detroit

MacKenzie
    $200 27
idiom

Kevin
    $400 21
veto

Ben
    $400 29
a pencil pusher

MacKenzie
    $400 9
Igor

MacKenzie
    $400 15
acids

Kevin
    $400 11
El Paso

Ben
    $400 25
alias

Kevin
    $600 22
(MacKenzie: What is king?)

nobility

MacKenzie
Triple Stumper
    $600 3
a bail bondsman

MacKenzie
    $600 8
Diane

Ben
    $600 24
belong to us

Ben
    $600 12
Gainesville

MacKenzie
    $600 16
ratio

MacKenzie
    $800 23
January 3rd

MacKenzie
    $800 4
a ticket taker

Ben
    $800 5
Lewis

MacKenzie
    $800 19
a pedestal

Kevin
    $800 13
Henderson

MacKenzie
    $800 17
sepia

Ben
    $2,800 26
impeachment

Kevin
    $1000 7
maintenance men

Triple Stumper
    $1000 6
Edgar

Kevin
    $1000 20
Edwards

Kevin
    $1000 14
Danbury

Triple Stumper
    $1000 18
(Ben: What is synod?)

a curia

Ben
Triple Stumper

Scores at the first commercial break (after clue 15):

MacKenzie Kevin Ben
$3,600 $1,600 $1,800

Scores at the end of the Jeopardy! Round:

MacKenzie Kevin Ben
$5,000 $7,000 $2,600

Double Jeopardy! Round responses

GERMAN AUTHORS
MUSICAL THEATER
BATTLES
THAT'S MY AIRPORT
CROSSWORD CLUES "C"
IN OTHER RECENT NEWS...
    $400 28
Goethe

Kevin
    $400 10
the Sharks

MacKenzie
    $400 30
Korea (the Korean War)

Ben
    $400 11
(Ian) Fleming

MacKenzie
    $400 27
carnivore

Ben
    $400 29
the Dodgers

Kevin
    $800 25
Grass

Kevin
    $800 9
(Kevin: Who is Elphaba?)

Glinda

KevinBen
    $3,000 26
the Punic Wars

Kevin
    $800 12
(Tenzing) Norgay

Kevin
    $800 13
chivalry

Ben
    $800 21
Roblox

MacKenzie
    $1200 7
the Thirty Years' War

Ben
    $1200 2
Hair

Kevin
    $1200 20
the 5th of May

MacKenzie
    $7,000 14
(Ben: Go big or go home, I"ll make it a True Daily Double.)
...
(Ben: Who is... Worth?)
...
(Buzzy: Moss Lee [*].)

Love Field

Ben
    $1200 4
Charon

Kevin
    $1200 22
(Ben: What is a stroke?)

Alzheimer's disease

Ben
Triple Stumper
    $1600 8
(Erich Maria) Remarque

MacKenzie
    $1600 1
beauty school

MacKenzie
    $1600 19
Shiloh

Ben
    $1600 15
Chopin

Ben
    $1600 5
clairvoyant

Ben
    $1600 23
Ali al-Sistani

Triple Stumper
    $2000 17
(MacKenzie: What is The Glass Beads?)

The Glass Bead Game

MacKenzie
Triple Stumper
    $2000 3
Red, Hot and Blue

Triple Stumper
    $2000 18
(Kevin: What is Midway?)

Leyte Gulf

Kevin
Triple Stumper
    $2000 16
(Václav) Havel

Kevin
    $2000 6
Cymbeline

Kevin
    $2000 24
Daniel Patrick Moynihan

Triple Stumper

Scores at the end of the Double Jeopardy! Round:

MacKenzie Kevin Ben
$9,000 $16,000 $2,800

Final Jeopardy! Round responses

COLONIAL AMERICA
(Buzzy: Their descendants hired Mason and Dixon to survey the disputed border between Maryland and Pennsylvania.)
BenWho are George III & Cromwel
$2,800
MacKenzieWho are Mason & Dixon?
$0
KevinWho are Washington & Adams?
$0
Lord Baltimore & William Penn

Final scores:

MacKenzie Kevin Ben
$9,000 $16,000 $0
2nd place: $5,000 if eliminated Automatic semifinalist 3rd place: $5,000 if eliminated

Game dynamics:

Coryat scores:

MacKenzie Kevin Ben
$9,000 $12,000 $9,800
17 R,
2 W
18 R
(including 2 DDs),
2 W
14 R,
3 W
(including 1 DD)

Combined Coryat: $30,800

[game clues] [game scores] [suggest correction]

Game tape date: 2021-04-13
The J! Archive is created by fans, for fans. Scraping, republication, monetization, and malicious use prohibited; this site may use cookies and collect identifying information. See terms. The Jeopardy! game show and all elements thereof, including but not limited to copyright and trademark thereto, are the property of Jeopardy Productions, Inc. and are protected under law. This website is not affiliated with, sponsored by, or operated by Jeopardy Productions, Inc. Join the discussion at JBoard.tv.